000
00307 a2200157 4500
001
186049
020
_a
0-19-422800-2
040
_c
Magnum
100
_a
Escott, John
240
1
0
_a
New York
_l
ING
245
1
0
_a
New York
300
_a
22
362
0
_a
1997
697
_a
LITERATURA INGLESA
942
_c
BK
999
_c
186049
_d
186049